000 00969nam a22002657a 4500
005 20240530110500.0
008 150701s2005 ua ao a 000 j ara d
017 _a2005/15157
_bمصر . دار الكتب المصرية
020 _a9776171052
040 _aEG-CaGPL
082 0 4 _221
_a813.02
_bط/ك هـ
100 1 _aكارل ، اريك
245 1 0 _aهل للكنغر ايضا ام ؟ /
_cبقلم وريشة اريك كارل ؛ ترجمة محمد عنانى
250 _aط1
260 _aالقاهرة :
_bدار البلسم للنشر و التوزيع ،
_c2005 .
300 _a( د.ت ) :
_bصور ؛
_c19 سم .
650 0 4 _aكتب الاطفال
650 0 4 _aالمعرفة
_xكتب الاطفال
650 0 4 _aالقصص القصيرة
650 0 4 _aادب الطفل
700 1 _aكارل ، اريك
_eرسام
700 0 _aمحمد عنانى
_eمترجم
942 _2ddc
_cBK
999 _c61464
_d61464